000 00499nam a22001697a 4500
010 _aENG-120874
020 _c40.00
_a8172653417
035 _aEN-104406
037 _bDBAD/PUB
082 _a881
100 _aDias,Sanjali
245 _aMy dream/
_cby Sanjali Dias
260 _aPune
_bSnehavardhan Publishing House
_c2012
270 _aSnehavardhan 863,Sadashiv Peth Behind Mahtama Phule Sabhagruha,
_bPune
_e411030
300 _a32p.
_c22cm(Hb)
942 _2ddc
_cEN
_h881
_mDAI
999 _c147644
_d147644